[Event "Ostrava Konik op"]
[Site "Ostrava"]
[Date "2014.05.04"]
[Round "9"]
[White "Tyn, Marek"]
[Black "Cech, Jan"]
[Result "1/2-1/2"]
[WhiteElo "1878"]
[BlackElo "1615"]
[PlyCount "87"]
[EventDate "2014.04.26"]
[EventType "swiss"]
[EventRounds "9"]
[EventCountry "CZE"]
[SourceTitle "CBM 160 Extra"]
[Source "ChessBase"]
[SourceDate "2014.07.01"]
[SourceVersion "1"]
[SourceVersionDate "2014.07.01"]
[SourceQuality "1"]

1. e4 d5 2. exd5 Qxd5 3. Nc3 Qd6 4. d4 Nf6 5. Nf3 a6 6. g3 b5 7. Bg2 Bb7 8. 0-0 e6 9. Re1 Be7 10. Bf4 Qb6 11. a4 b4 12. a5 Qc6 13. Nh4 Qc4 14. b3 Qxc3 15. Bxb7 Ra7 16. Re3 Qxa1 17. Qxa1 Rxb7 18. Qa4+ Kd8 19. c4 bxc3 20. Bg5 Nd5 21. Bxe7+ Kxe7 22. Re1 Rb4 23. Qa3 Nc6 24. Nf5+ Kd7 25. Ne3 Nce7 26. Rc1 Rhb8 27. Nc4 Nc6 28. Kg2 f6 29. Qa2 Nxd4 30. Ne3 Rxb3 31. Nxd5 exd5 32. Qa4+ Nc6 33. Qg4+ Kd6 34. Qxg7 d4 35. Qxf6+ Kc5 36. Qf5+ Kd6 37. Re1 Nd8 38. Re8 R3b5 39. Qf6+ Kc5 40. Qe5+ Kc4 41. Qe2+ Kb3 42. Qd1+ Kc4 43. Qe2+ Kb3 44. Qd1+ 1/2-1/2

[Event "Ostrava Konik op"]
[Site "Ostrava"]
[Date "2014.05.02"]
[Round "7"]
[White "Tyn, Marek"]
[Black "Bohanesova, Vendula"]
[Result "1-0"]
[WhiteElo "1878"]
[BlackElo "1652"]
[PlyCount "85"]
[EventDate "2014.04.26"]
[EventType "swiss"]
[EventRounds "9"]
[EventCountry "CZE"]
[SourceTitle "CBM 160 Extra"]
[Source "ChessBase"]
[SourceDate "2014.07.01"]
[SourceVersion "1"]
[SourceVersionDate "2014.07.01"]
[SourceQuality "1"]

1. e4 e6 2. d4 d5 3. e5 c5 4. c3 Qb6 5. Nf3 Nc6 6. a3 Bd7 7. b4 cxd4 8. cxd4 Rc8 9. Be2 Nge7 10. 0-0 Nf5 11. Bb2 Be7 12. g4 Nh4 13. Nbd2 0-0 14. Nxh4 Bxh4 15. Nf3 Be7 16. Qd3 f6 17. exf6 Rxf6 18. Bc1 Be8 19. Be3 Bg6 20. Qd1 Be4 21. Ne5 Qc7 22. f3 Bg6 23. f4 Be4 24. Bd3 Bxd3 25. Qxd3 a6 26. Rac1 Rcf8 27. Nxc6 bxc6 28. Qxa6 Rc8 29. b5 Rb8 30. Rxc6 Qd7 31. Rfc1 e5 32. h3 exf4 33. Bf2 Rbf8 34. Rxf6 Bxf6 35. Qc6 Qe7 36. Qxd5+ Kh8 37. Qc5 Qf7 38. d5 f3 39. b6 Be5 40. b7 Qf4 41. Qxf8+ Qxf8 42. Rc8 Kg8 43. Bc5 1-0

[Event "Ostrava Konik op-B"]
[Site "Ostrava"]
[Date "2012.05.01"]
[Round "4"]
[White "Kanakova, Natalie"]
[Black "Tyn, Marek"]
[Result "1/2-1/2"]
[WhiteElo "1614"]
[BlackElo "1890"]
[PlyCount "79"]
[EventDate "2012.04.28"]
[EventType "swiss"]
[EventRounds "9"]
[EventCountry "CZE"]
[SourceTitle "CBM 148 Extra"]
[Source "ChessBase"]
[SourceDate "2012.06.22"]
[SourceVersion "1"]
[SourceVersionDate "2012.06.22"]
[SourceQuality "1"]

1. e4 c5 2. Nf3 d6 3. d4 cxd4 4. Nxd4 Nf6 5. Nc3 g6 6. Be3 Bg7 7. f3 0-0 8. Qd2 Nc6 9. Bc4 Bd7 10. 0-0-0 Rc8 11. Bb3 Ne5 12. g4 b5 13. h4 Qa5 14. Kb1 Nxf3 15. Nxf3 Bxg4 16. Rdf1 Rxc3 17. Qxc3 Qxc3 18. bxc3 Nxe4 19. Nd4 Nxc3+ 20. Kb2 Ne2 21. Rd1 Nxd4 22. Rxd4 a5 23. c3 Bxd4 24. cxd4 Rc8 25. Rf1 Bf5 26. a4 bxa4 27. Bxa4 Rc4 28. Bb3 Rb4 29. Ka3 e6 30. Rc1 Rb8 31. Bf4 Rd8 32. Bg5 Ra8 33. d5 a4 34. Ba2 Re8 35. Rc6 exd5 36. Bxd5 Be4 37. Rxd6 Bxd5 38. Rxd5 Kg7 39. Kxa4 h6 40. Bd8 1/2-1/2

[Event "CZE-chTE U20 1112"]
[Site "Czech Republic"]
[Date "2012.04.15"]
[Round "7.5"]
[White "Szucs, Matyas"]
[Black "Tyn, Marek"]
[Result "0-1"]
[WhiteElo "1813"]
[BlackElo "1891"]
[PlyCount "78"]
[EventDate "2011.10.15"]
[EventType "team-tourn"]
[EventRounds "7"]
[EventCountry "CZE"]
[SourceTitle "CBM 148 Extra"]
[Source "ChessBase"]
[SourceDate "2012.06.22"]
[SourceVersion "1"]
[SourceVersionDate "2012.06.22"]
[SourceQuality "1"]
[WhiteTeam "Horice"]
[BlackTeam "Havirov"]
[WhiteTeamCountry "CZE"]
[BlackTeamCountry "CZE"]

1. d4 d5 2. Nf3 e6 3. e3 Nf6 4. Bd3 c5 5. c3 Nc6 6. Nbd2 Be7 7. 0-0 0-0 8. dxc5 Bxc5 9. e4 d4 10. Nb3 Be7 11. cxd4 b6 12. Bg5 h6 13. Bd2 Bb7 14. a3 Rc8 15. Qe2 Re8 16. Bc3 Qc7 17. Nbd2 Rcd8 18. Rfd1 Qf4 19. Nf1 g5 20. h3 g4 21. hxg4 Qxg4 22. Qe3 Qg7 23. N3h2 Kh8 24. Bc2 Rg8 25. Qh3 Nh5 26. d5 Ne5 27. Bxe5 Qxe5 28. Ng4 Qg5 29. f3 Nf4 30. Qxh6+ Qxh6 31. Nxh6 Rxg2+ 32. Kh1 Kg7 33. Ng4 Rh8+ 34. Ngh2 Rxc2 35. dxe6 Ne2 36. Rd7 Ng3+ 37. Nxg3 Rcxh2+ 38. Kg1 Bc5+ 39. Kf1 Ba6+ 0-1

[Event "CZE-chTE U20 1112"]
[Site "Czech Republic"]
[Date "2012.01.21"]
[Round "7.4"]
[White "Pfeffer, Dominik"]
[Black "Tyn, Marek"]
[Result "0-1"]
[WhiteElo "1735"]
[BlackElo "1891"]
[PlyCount "116"]
[EventDate "2011.10.15"]
[EventType "team-tourn"]
[EventRounds "7"]
[EventCountry "CZE"]
[SourceTitle "EXT 2013"]
[Source "ChessBase"]
[SourceDate "2012.11.22"]
[SourceVersion "1"]
[SourceVersionDate "2012.11.22"]
[SourceQuality "1"]
[WhiteTeam "Borsice"]
[BlackTeam "Havirov"]
[WhiteTeamCountry "CZE"]
[BlackTeamCountry "CZE"]

1. e4 c5 2. Nf3 d6 3. Bb5+ Bd7 4. Bxd7+ Qxd7 5. 0-0 Nc6 6. Re1 e6 7. c3 Be7 8. d4 cxd4 9. cxd4 Nf6 10. Nc3 0-0 11. Bg5 d5 12. e5 Ne8 13. Bxe7 Qxe7 14. Qd3 Nc7 15. Rad1 Rac8 16. Qe3 Na5 17. Nd2 Qb4 18. b3 Nb5 19. Nxb5 Qxb5 20. Rc1 Qb4 21. Nf3 Nc6 22. Qd3 h6 23. Rcd1 Ne7 24. Nh4 Rc3 25. Qd2 Rfc8 26. Re3 a5 27. Rxc3 Qxc3 28. h3 Qxd2 29. Rxd2 Rc1+ 30. Kh2 Nc6 31. Nf3 Nb4 32. a3 Nc2 33. Kg3 b6 34. a4 Nb4 35. Rb2 Nd3 36. Rd2 Rc3 37. Re2 Rxb3 38. Rc2 Ne1 39. Rc8+ Kh7 40. Rc7 Kg6 41. Rc6 Nxf3 42. gxf3 Rb4 43. Rd6 Rxd4 44. Rxb6 Rxa4 45. Rb7 Rb4 46. Ra7 a4 47. h4 h5 48. Ra6 Rc4 49. Ra7 f6 50. exf6 gxf6 51. Ra6 Kf5 52. Ra5 Rb4 53. Ra6 d4 54. Ra5+ e5 55. Kg2 Kf4 56. Ra6 Kf5 57. Ra5 d3 58. Kf1 Rb1+ 0-1

[Event "CZE-chTE U20 1112"]
[Site "Czech Republic"]
[Date "2012.01.21"]
[Round "6.4"]
[White "Tyn, Marek"]
[Black "Mrkus, Frantisek"]
[Result "0-1"]
[WhiteElo "1891"]
[BlackElo "1639"]
[PlyCount "94"]
[EventDate "2011.10.15"]
[EventType "team-tourn"]
[EventRounds "7"]
[EventCountry "CZE"]
[SourceTitle "EXT 2013"]
[Source "ChessBase"]
[SourceDate "2012.11.22"]
[SourceVersion "1"]
[SourceVersionDate "2012.11.22"]
[SourceQuality "1"]
[WhiteTeam "Havirov"]
[BlackTeam "Stare Mesto"]
[WhiteTeamCountry "CZE"]
[BlackTeamCountry "CZE"]

1. e4 e5 2. Nf3 Nc6 3. Bc4 Nf6 4. d3 Be7 5. 0-0 0-0 6. Be3 d6 7. h3 Ne8 8. Nc3 Na5 9. Nd2 Nxc4 10. Nxc4 f5 11. Nd5 f4 12. Nxe7+ Qxe7 13. Bd2 f3 14. Re1 fxg2 15. Qh5 Qf6 16. Re2 g6 17. Qg5 Bxh3 18. Qxf6 Nxf6 19. Ne3 Nh5 20. Nxg2 Bxg2 21. Kxg2 Rf7 22. f3 Raf8 23. Rf2 Kg7 24. Rh1 h6 25. Be3 Nf4+ 26. Kg3 g5 27. d4 Ng6 28. c3 Nh4 29. Rhf1 Ng6 30. Rh1 Nf4 31. Rd1 Kg6 32. b3 h5 33. Rdd2 h4+ 34. Kg4 Rh8 35. Rh2 h3 36. Bxf4 Rxf4+ 37. Kg3 Rhf8 38. Rd3 g4 39. dxe5 dxe5 40. c4 Rxf3+ 41. Rxf3 Rxf3+ 42. Kxg4 Re3 43. Rxh3 Rxh3 44. Kxh3 Kg5 45. Kg3 c5 46. a3 a5 47. Kf3 Kh4 0-1

[Event "Ostrava Konik op-B"]
[Site "Ostrava"]
[Date "2011.05.08"]
[Round "9"]
[White "Tyn, Marek"]
[Black "Psenicka, Pavel"]
[Result "1/2-1/2"]
[WhiteElo "1821"]
[BlackElo "1964"]
[PlyCount "86"]
[EventDate "2011.04.30"]
[EventType "swiss"]
[EventRounds "9"]
[EventCountry "CZE"]
[SourceTitle "CBM 142 Extra"]
[Source "ChessBase"]
[SourceDate "2011.06.27"]
[SourceVersion "1"]
[SourceVersionDate "2011.06.27"]
[SourceQuality "1"]

1. e4 e5 2. Nf3 Nc6 3. Bc4 Nf6 4. d3 Be7 5. 0-0 0-0 6. c3 d6 7. Nbd2 Na5 8. Bb3 Nxb3 9. axb3 c6 10. Re1 h6 11. h3 Be6 12. Qc2 Nd7 13. d4 Qc7 14. Nc4 f6 15. Ne3 d5 16. Nf5 Bxf5 17. exf5 e4 18. Nh4 Bd6 19. Qe2 Rf7 20. Qg4 Kh8 21. Qh5 Nf8 22. c4 Qd7 23. c5 Bc7 24. b4 Qe8 25. Ra3 Re7 26. Qg4 a5 27. Bd2 axb4 28. Rxa8 Qxa8 29. Bxb4 Qa4 30. Bc3 Qa8 31. b3 Qc8 32. Bd2 Qd7 33. Ra1 Re8 34. b4 Bb8 35. Ra3 Qc7 36. g3 b6 37. Ng6+ Nxg6 38. Qxg6 Re7 39. Bxh6 bxc5 40. Bf4 Qb7 41. Bxb8 Qxb8 42. bxc5 e3 43. Rxe3 Rxe3 1/2-1/2

[Event "Ostrava Konik op-B"]
[Site "Ostrava"]
[Date "2011.05.05"]
[Round "6"]
[White "Tyn, Marek"]
[Black "Marek, Jiri1"]
[Result "1-0"]
[WhiteElo "1821"]
[BlackElo "1997"]
[PlyCount "103"]
[EventDate "2011.04.30"]
[EventType "swiss"]
[EventRounds "9"]
[EventCountry "CZE"]
[SourceTitle "CBM 142 Extra"]
[Source "ChessBase"]
[SourceDate "2011.06.27"]
[SourceVersion "1"]
[SourceVersionDate "2011.06.27"]
[SourceQuality "1"]

1. e4 c6 2. d4 d5 3. Nc3 dxe4 4. Nxe4 Nf6 5. Nxf6+ gxf6 6. c3 Qd5 7. Qf3 h5 8. Qxd5 cxd5 9. g3 Bf5 10. Bg2 e6 11. Nf3 Nc6 12. Bf4 0-0-0 13. 0-0 Be4 14. h4 b6 15. Rfe1 Kb7 16. Rac1 Rc8 17. a3 Na5 18. Nd2 Bxg2 19. Kxg2 Be7 20. Kh3 Rhg8 21. Rg1 Nc4 22. Nxc4 Rxc4 23. Rce1 b5 24. g4 hxg4+ 25. Rxg4 Rxg4 26. Kxg4 Rc8 27. h5 Rg8+ 28. Kf3 Rh8 29. Rh1 Bf8 30. h6 Rh7 31. Kg4 Kc6 32. Bd2 Kd6 33. Rh5 Ke7 34. Rh1 Ke8 35. Kh5 Bd6 36. a4 a6 37. axb5 axb5 38. Ra1 Kd7 39. Ra8 e5 40. Ra5 Kc6 41. Ra6+ Kc7 42. dxe5 fxe5 43. Kg5 Be7+ 44. Kf5 Kb7 45. Ra5 Kb6 46. Ra8 e4 47. b4 Bh4 48. Be3+ Kb7 49. Rg8 Bxf2 50. Rg7 Rh8 51. Rxf7+ Kc6 52. Rf6+ 1-0

[Event "CZE-chTE U20 1011"]
[Site "Czech Republic"]
[Date "2010.10.02"]
[Round "1.3"]
[White "Phamova, Xuan Mai"]
[Black "Tyn, Marek"]
[Result "0-1"]
[WhiteElo "1785"]
[BlackElo "1821"]
[PlyCount "48"]
[EventDate "2010.10.02"]
[EventType "team-tourn"]
[EventRounds "11"]
[EventCountry "CZE"]
[SourceTitle "EXT 2012"]
[Source "ChessBase"]
[SourceDate "2011.11.24"]
[SourceVersion "1"]
[SourceVersionDate "2011.11.24"]
[SourceQuality "1"]
[WhiteTeam "Borsice (U20)"]
[BlackTeam "Havirov (U20)"]
[WhiteTeamCountry "CZE"]
[BlackTeamCountry "CZE"]

1. e4 c5 2. Nf3 d6 3. d4 cxd4 4. Nxd4 Nf6 5. Nc3 g6 6. Be3 Bg7 7. Be2 Nc6 8. 0-0 0-0 9. Kh1 Bd7 10. f4 Rc8 11. Bf3 a6 12. Nb3 b5 13. Nd5 Nxd5 14. exd5 Na5 15. Nd4 Nc4 16. Bc1 Qb6 17. c3 e5 18. Ne2 Rfe8 19. Qd3 f5 20. Ng3 e4 21. Nxe4 fxe4 22. Bxe4 Re7 23. b3 Rce8 24. Re1 Bf5 0-1

[Event "CZE-chTE U20 1011"]
[Site "Czech Republic"]
[Date "2010.10.02"]
[Round "2.3"]
[White "Tyn, Marek"]
[Black "Borufka, Roman"]
[Result "0-1"]
[WhiteElo "1821"]
[BlackElo "1911"]
[PlyCount "108"]
[EventDate "2010.10.02"]
[EventType "team-tourn"]
[EventRounds "11"]
[EventCountry "CZE"]
[SourceTitle "EXT 2012"]
[Source "ChessBase"]
[SourceDate "2011.11.24"]
[SourceVersion "1"]
[SourceVersionDate "2011.11.24"]
[SourceQuality "1"]
[WhiteTeam "Havirov (U20)"]
[BlackTeam "Stare Mesto (U20)"]
[WhiteTeamCountry "CZE"]
[BlackTeamCountry "CZE"]

1. e4 c5 2. Nf3 Nc6 3. d4 cxd4 4. Nxd4 g6 5. Be3 Bg7 6. Nc3 Nf6 7. f3 Qa5 8. Bc4 Qb4 9. Bb3 Nxe4 10. fxe4 Nxd4 11. a3 Qd6 12. Bxd4 Qxd4 13. Qxd4 Bxd4 14. Rf1 Bxc3+ 15. bxc3 0-0 16. 0-0-0 d6 17. e5 dxe5 18. Rfe1 Bg4 19. Rd5 Be6 20. Rdxe5 Bxb3 21. cxb3 e6 22. Rd1 Rfd8 23. Rc5 Rxd1+ 24. Kxd1 Rd8+ 25. Ke2 Rd7 26. b4 f5 27. a4 Kf7 28. a5 Ke7 29. Rc8 Kd6 30. Ke3 Ke5 31. Rc5+ Kf6 32. c4 g5 33. b5 h5 34. Rc8 Ke5 35. Rc5+ Kf6 36. Rc8 e5 37. c5 Ke6 38. b6 axb6 39. axb6 f4+ 40. Ke2 e4 41. Rg8 g4 42. Rg6+ Kf5 43. Rh6 f3+ 44. gxf3 exf3+ 45. Kf2 Rd2+ 46. Kg1 Kg5 47. Rh7 Rg2+ 48. Kh1 Rc2 49. Kg1 Rxc5 50. Rxb7 Rb5 51. Rb8 Kg6 52. b7 Kg7 53. Kf1 h4 54. Kf2 Rb2+ 0-1

[Event "Ostrava op"]
[Site "Ostrava"]
[Date "2010.05.06"]
[Round "6"]
[White "Zizka, Radim"]
[Black "Tyn, Marek"]
[Result "0-1"]
[WhiteElo "1650"]
[BlackElo "1810"]
[PlyCount "70"]
[EventDate "2010.05.01"]
[EventType "swiss"]
[EventRounds "9"]
[EventCountry "CZE"]
[SourceTitle "EXT 2011"]
[Source "ChessBase"]
[SourceDate "2010.11.26"]
[SourceVersion "1"]
[SourceVersionDate "2010.11.26"]
[SourceQuality "1"]

1. e4 c5 2. Nc3 d6 3. f4 Nc6 4. Nf3 Nf6 5. Bb5 Bd7 6. a4 a6 7. Bc4 Qc7 8. 0-0 e6 9. d3 Be7 10. f5 exf5 11. exf5 Bxf5 12. Ng5 Bg6 13. Qf3 Ne5 14. Qe2 Nxc4 15. dxc4 0-0 16. Nd5 Nxd5 17. cxd5 Bf6 18. Ra3 Rae8 19. Qc4 Bd4+ 20. Kh1 Qd7 21. Raf3 h6 22. Nh3 Bh5 23. Qb3 Bxf3 24. Qxf3 Qe7 25. c3 Be5 26. Qh5 f6 27. Ng1 Qf7 28. Qd1 Qg6 29. Nf3 Qh5 30. Rg1 f5 31. Qf1 Bf6 32. Bd2 g5 33. h3 f4 34. Nh2 Re2 35. Qf3 Qxh3 0-1

[Event "Ostrava op"]
[Site "Ostrava"]
[Date "2010.05.04"]
[Round "4"]
[White "Bacak, Petr Jr"]
[Black "Tyn, Marek"]
[Result "1-0"]
[WhiteElo "2025"]
[BlackElo "1810"]
[PlyCount "145"]
[EventDate "2010.05.01"]
[EventType "swiss"]
[EventRounds "9"]
[EventCountry "CZE"]
[SourceTitle "EXT 2011"]
[Source "ChessBase"]
[SourceDate "2010.11.26"]
[SourceVersion "1"]
[SourceVersionDate "2010.11.26"]
[SourceQuality "1"]

1. e4 c5 2. Nf3 d6 3. d4 cxd4 4. Nxd4 Nf6 5. Nc3 g6 6. Be3 Bg7 7. f3 0-0 8. Qd2 Nc6 9. Bc4 Bd7 10. Bb3 Rc8 11. h4 h5 12. 0-0-0 Ne5 13. Kb1 Nc4 14. Bxc4 Rxc4 15. Nde2 Qc7 16. Bg5 Be6 17. Nf4 Rc8 18. Bxf6 Bxf6 19. Ncd5 Bxd5 20. Nxd5 Qc6 21. Nxf6+ exf6 22. c3 Rd8 23. Rhe1 Rc5 24. Re3 Ra5 25. Rd3 Ra6 26. Rd5 Qc4 27. a3 Kg7 28. Qd3 Qxd3+ 29. R1xd3 Kf8 30. Ka2 Ke7 31. b4 Rc6 32. Kb3 a6 33. a4 b6 34. g3 Ke6 35. g4 hxg4 36. fxg4 Ke7 37. h5 Rh8 38. c4 Re8 39. R3d4 Rd8 40. Rd3 Rc7 41. c5 bxc5 42. bxc5 Rb8+ 43. Kc4 Rbc8 44. h6 Rxc5+ 45. Rxc5 Rxc5+ 46. Kb3 Rc8 47. Kb4 Rc5 48. Rh3 a5+ 49. Kb3 Rc8 50. h7 Rh8 51. Kc4 Ke6 52. Kb5 Ke5 53. Kxa5 Kxe4 54. Kb6 f5 55. gxf5 gxf5 56. a5 f4 57. a6 f3 58. a7 f2 59. Rh1 f5 60. Ra1 d5 61. a8Q Rxa8 62. Rxa8 f1Q 63. Ra4+ d4 64. h8Q Qb1+ 65. Ka5 Qe1+ 66. Rb4 Qa1+ 67. Kb6 Qc3 68. Qh1+ Ke3 69. Qg1+ Ke4 70. Qg2+ Ke3 71. Qg3+ Kd2 72. Qf4+ Kc2 73. Qxd4 1-0

[Event "CZE-chTE U20 0910"]
[Site "Czech Republic"]
[Date "2009.10.03"]
[Round "2.4"]
[White "Tyn, Marek"]
[Black "Novotny, Richard"]
[Result "1-0"]
[WhiteElo "1932"]
[BlackElo "1754"]
[PlyCount "87"]
[EventDate "2009.10.03"]
[EventType "team-tourn"]
[EventRounds "7"]
[EventCountry "CZE"]
[SourceTitle "EXT 2011"]
[Source "ChessBase"]
[SourceDate "2010.11.26"]
[SourceVersion "1"]
[SourceVersionDate "2010.11.26"]
[SourceQuality "1"]
[WhiteTeam "Havirov (U20)"]
[BlackTeam "Bedrichov (U20)"]
[WhiteTeamCountry "CZE"]
[BlackTeamCountry "CZE"]

1. e4 e5 2. Nf3 d6 3. d4 exd4 4. Nxd4 Nf6 5. Nc3 Be7 6. g3 0-0 7. Bg2 Nbd7 8. 0-0 c6 9. f4 Nb6 10. Qd3 Be6 11. Nxe6 fxe6 12. Bh3 e5 13. Kh1 Qc7 14. a4 Rad8 15. Qe2 Nbd7 16. Be3 Qa5 17. Qc4+ Kh8 18. b4 Qc7 19. b5 c5 20. Rad1 Nb6 21. Qe2 d5 22. a5 Nc8 23. Nxd5 Nxd5 24. exd5 exf4 25. Bxf4 Qxa5 26. Bxc8 Rxc8 27. Qxe7 Qxb5 28. Rb1 Qc4 29. Qxb7 Qxc2 30. Qb3 Qe4+ 31. Qf3 Qf5 32. d6 c4 33. Rfe1 c3 34. Qe4 Qf7 35. Qe6 Qh5 36. d7 Qf3+ 37. Kg1 Rc6 38. Qe8 Rcf6 39. d8Q Rxf4 40. Qxf8+ Rxf8 41. Qd4 c2 42. Rbc1 Qb3 43. Rf1 Rb8 44. Qf2 1-0

[Event "Morava-ch U14"]
[Site "Havirov"]
[Date "2008.10.28"]
[Round "7"]
[White "Melzer, Patrik"]
[Black "Tyn, Marek"]
[Result "1/2-1/2"]
[WhiteElo "1322"]
[BlackElo "1738"]
[PlyCount "46"]
[EventDate "2008.10.25"]
[EventType "swiss"]
[EventRounds "9"]
[EventCountry "CZE"]
[SourceTitle "EXT 2009"]
[Source "ChessBase"]
[SourceDate "2008.11.26"]
[SourceVersion "1"]
[SourceVersionDate "2008.11.26"]
[SourceQuality "1"]

1. d4 d5 2. c4 e6 3. Nc3 Nf6 4. Bg5 Be7 5. Nf3 h6 6. Bxf6 Bxf6 7. e3 Nc6 8. a3 0-0 9. cxd5 exd5 10. Bd3 Ne7 11. Qc2 Be6 12. 0-0 Qd7 13. h3 c6 14. Ne2 Bf5 15. Ng3 Bxd3 16. Qxd3 Ng6 17. Rac1 Rfe8 18. Rc2 Nh4 19. Nh2 Ng6 20. Nf3 Bh4 21. Nf5 Bf6 22. Ng3 Re6 23. Rfc1 Nh4 1/2-1/2

[Event "Morava-ch U14"]
[Site "Havirov"]
[Date "2008.10.25"]
[Round "2"]
[White "Tyn, Marek"]
[Black "Krejci, David"]
[Result "1-0"]
[WhiteElo "1738"]
[BlackElo "1533"]
[PlyCount "57"]
[EventDate "2008.10.25"]
[EventType "swiss"]
[EventRounds "9"]
[EventCountry "CZE"]
[SourceTitle "EXT 2009"]
[Source "ChessBase"]
[SourceDate "2008.11.26"]
[SourceVersion "1"]
[SourceVersionDate "2008.11.26"]
[SourceQuality "1"]

1. e4 e5 2. Nf3 Nf6 3. Nxe5 d6 4. Nf3 Nxe4 5. Qe2 Qe7 6. d3 Nf6 7. Bg5 Qxe2+ 8. Bxe2 Be7 9. Nc3 c6 10. 0-0 0-0 11. Rfe1 Bg4 12. h3 Bxf3 13. Bxf3 Bd8 14. Re2 Nbd7 15. Rae1 Ne5 16. Be4 Nxe4 17. Nxe4 Bxg5 18. Nxg5 h6 19. Ne4 Rad8 20. Re3 Ng6 21. Ng3 Rd7 22. Nf5 Nf4 23. Rg3 Kh7 24. Rxg7+ Kh8 25. Rg4 Ng6 26. Nxh6 Kh7 27. Nf5 d5 28. Nh4 Ne5 29. Rxe5 1-0

[Event "Ostrava SMP op"]
[Site "Ostrava"]
[Date "2006.04.30"]
[Round "2"]
[White "Tyn, Marek"]
[Black "Carbol, Otmar"]
[Result "1/2-1/2"]
[WhiteElo "1371"]
[BlackElo "1770"]
[PlyCount "45"]
[EventDate "2006.04.29"]
[EventType "swiss"]
[EventRounds "9"]
[EventCountry "CZE"]
[SourceTitle "EXT 2008"]
[Source "ChessBase"]
[SourceDate "2007.11.25"]
[SourceVersion "1"]
[SourceVersionDate "2007.11.25"]
[SourceQuality "1"]

1. e4 d6 2. d4 Nf6 3. Nc3 g6 4. Bg5 Bg7 5. Nf3 0-0 6. Bc4 c6 7. Bb3 b5 8. 0-0 b4 9. Ne2 Nxe4 10. c3 bxc3 11. bxc3 Nxg5 12. Nxg5 e5 13. Qd2 h6 14. Nxf7 Rxf7 15. Bxf7+ Kxf7 16. dxe5 d5 17. Qf4+ Kg8 18. Nd4 c5 19. e6 Qe7 20. Nb5 Nc6 21. Rad1 a6 22. Nc7 Ra7 23. Nxd5 1/2-1/2